[Event "Titled Tuesday intern op 21st Dec"]
[Site "Chess.com INT"]
[Date "2021.12.21"]
[Round "5"]
[White "Fanha, Paulo Alexandre Mar"]
[Black "Estrada Nieto, Julian"]
[Result "0-1"]
[WhiteElo "1665"]
[BlackElo "2253"]
[PlyCount "142"]
[EventDate "2021.12.21"]
[EventType "swiss (blitz)"]
[EventRounds "11"]
[EventCountry "USA"]
[SourceTitle "CBM 205 Extra"]
[Source "ChessBase"]
[SourceDate "2022.01.31"]
[SourceVersion "1"]
[SourceVersionDate "2022.01.31"]
[SourceQuality "1"]

1. b3 d5 2. Bb2 Nf6 3. e3 Bg4 4. Be2 Bxe2 5. Qxe2 Nbd7 6. f4 e6 7. Nf3 Bd6 8. 0-0 0-0 9. d3 a5 10. a4 c6 11. Nbd2 Qc7 12. Kh1 e5 13. fxe5 Nxe5 14. Nxe5 Bxe5 15. Bxe5 Qxe5 16. Rae1 Rae8 17. Qf3 Qc3 18. Re2 Qxc2 19. e4 Qc3 20. exd5 Rxe2 21. Qxe2 cxd5 22. h3 h6 23. Nf3 Re8 24. Qd1 Re3 25. Nh4 Qxd3 26. Qxd3 Rxd3 27. Nf5 Rxb3 28. Nxh6+ gxh6 29. Rxf6 Kg7 30. Rd6 Rb4 31. Rxd5 Rxa4 32. Rb5 Rb4 33. Rxa5 Rb2 34. Kh2 Rb3 35. Kg1 Rb2 36. Kh2 b5 37. Kg3 Kg6 38. Ra7 b4 39. Rb7 h5 40. h4 f6 41. Kf3 Rb1 42. Kg3 b3 43. Rb5 b2 44. Rb6 Kf7 45. Rb7+ Ke6 46. Rb5 Kd6 47. Kh2 Kc6 48. Rb8 Kd5 49. Rb3 f5 50. Rb8 f4 51. Rb3 Kc4 52. Rb8 Kc3 53. Rc8+ Kd2 54. Rd8+ Ke2 55. Re8+ Kf2 56. Rb8 f3 57. gxf3 Kxf3 58. Rb3+ Kg4 59. Rb4+ Kf3 60. Rb3+ Ke4 61. Kg2 Kd4 62. Rb4+ Kc3 63. Rb8 Rd1 64. Rc8+ Kb3 65. Rb8+ Kc3 66. Rc8+ Kd2 67. Rd8+ Ke2 68. Re8+ Kd2 69. Rd8+ Kc1 70. Rc8+ Kb1 71. Rb8 Rc1 0-1

[Event "Titled Tuesday intern op 21st Dec"]
[Site "Chess.com INT"]
[Date "2021.12.21"]
[Round "10"]
[White "Kaganskiy, Gleb"]
[Black "Fanha, Paulo Alexandre Mar"]
[Result "1/2-1/2"]
[WhiteElo "2251"]
[BlackElo "1665"]
[PlyCount "113"]
[EventDate "2021.12.21"]
[EventType "swiss (blitz)"]
[EventRounds "11"]
[EventCountry "USA"]
[SourceTitle "CBM 205 Extra"]
[Source "ChessBase"]
[SourceDate "2022.01.31"]
[SourceVersion "1"]
[SourceVersionDate "2022.01.31"]
[SourceQuality "1"]

1. e4 c6 2. d4 d5 3. e5 Bf5 4. g4 Be4 5. f3 Bg6 6. e6 Qc8 7. exf7+ Bxf7 8. f4 Qe6+ 9. Be2 Nf6 10. g5 Ne4 11. Nf3 Nd6 12. Ne5 Bg6 13. Nc3 Nd7 14. h4 Nxe5 15. dxe5 Ne4 16. Be3 Ng3 17. Bg4 Bf5 18. Bxf5 Qxf5 19. Rg1 Ne4 20. Nxe4 Qxe4 21. Qe2 a6 22. 0-0-0 e6 23. Rd4 Qf5 24. Qg4 Qxg4 25. Rxg4 Bc5 26. Rd3 Bxe3+ 27. Rxe3 0-0 28. h5 Rf5 29. Rh3 Raf8 30. Rhh4 c5 31. Kd2 b5 32. c3 g6 33. hxg6 hxg6 34. Ke3 Kg7 35. Rh6 Rh8 36. Rxh8 Kxh8 37. Rh4+ Kg7 38. Rh1 Rf8 39. Rh2 Rh8 40. Rxh8 Kxh8 41. b4 cxb4 42. cxb4 Kg7 43. Kd4 Kf7 44. Kc5 Ke7 45. Kd4 Kd7 46. Kd3 Kc6 47. Kc3 Kb6 48. Kd4 a5 49. a3 axb4 50. axb4 Kc6 51. Kd3 Kb6 52. Ke3 Kc6 53. Kd4 Kb6 54. Ke3 Kc6 55. Kd3 Kc7 56. Kd4 Kc6 57. Kd3 1/2-1/2

[Event "Titled Tuesday intern op 21st Dec"]
[Site "Chess.com INT"]
[Date "2021.12.21"]
[Round "3"]
[White "Krallis, Christos"]
[Black "Fanha, Paulo Alexandre Mar"]
[Result "1/2-1/2"]
[WhiteElo "2401"]
[BlackElo "1665"]
[PlyCount "80"]
[EventDate "2021.12.21"]
[EventType "swiss (blitz)"]
[EventRounds "11"]
[EventCountry "USA"]
[SourceTitle "CBM 205 Extra"]
[Source "ChessBase"]
[SourceDate "2022.01.31"]
[SourceVersion "1"]
[SourceVersionDate "2022.01.31"]
[SourceQuality "1"]

1. d4 d5 2. c4 e6 3. Nf3 c6 4. Nbd2 Nf6 5. e3 Bd6 6. b3 Nbd7 7. Bb2 Qe7 8. Ne5 0-0 9. Bd3 Ba3 10. Bxa3 Qxa3 11. f4 Qa5 12. 0-0 h6 13. c5 Qd8 14. Qf3 Nxe5 15. fxe5 Nd7 16. Rf2 f5 17. exf6 Rxf6 18. Qg3 Rxf2 19. Qxf2 Qf6 20. Qg3 e5 21. Rf1 Qe7 22. Bg6 Nf8 23. Rf7 Qg5 24. Bh5 Qxg3 25. hxg3 exd4 26. exd4 g6 27. Rxf8+ Kxf8 28. Bxg6 Bg4 29. Nf3 Bxf3 30. gxf3 Kg7 31. Bd3 Re8 32. Kf2 Kf6 33. b4 Re7 34. a4 Kg5 35. b5 h5 36. f4+ Kg4 37. Be2+ Kf5 38. Bd3+ Kg4 39. Be2+ Kf5 40. Bd3+ Kg4 1/2-1/2

[Event "Titled Tuesday intern op 04th May"]
[Site "Chess.com INT"]
[Date "2021.05.04"]
[Round "6"]
[White "Poghosyan, Suren"]
[Black "Fanha, Paulo Alexandre Mar"]
[Result "1-0"]
[WhiteElo "2275"]
[BlackElo "1737"]
[PlyCount "67"]
[EventDate "2021.05.04"]
[EventType "swiss (blitz)"]
[EventRounds "11"]
[EventCountry "USA"]
[SourceTitle "CBM 202 Extra"]
[Source "ChessBase"]
[SourceDate "2021.07.31"]
[SourceVersion "1"]
[SourceVersionDate "2021.07.31"]
[SourceQuality "1"]

1. e4 d5 2. exd5 Qxd5 3. Nf3 c6 4. d4 Nf6 5. c4 Qd8 6. Nc3 Bg4 7. Be2 e6 8. Bf4 Bd6 9. Ne5 Bxe2 10. Qxe2 0-0 11. 0-0 Bc7 12. Rad1 Nbd7 13. Ne4 Nxe4 14. Qxe4 Nxe5 15. dxe5 Qe7 16. h3 Rad8 17. Rfe1 Rxd1 18. Rxd1 Rd8 19. Qe2 Rxd1+ 20. Qxd1 Qd8 21. Qb3 Bb6 22. Be3 Bxe3 23. Qxe3 Qb6 24. Qc3 Qd8 25. g3 Qd1+ 26. Kg2 h6 27. Qa3 Qd4 28. Qd6 Qe4+ 29. Kh2 Qe2 30. Qd4 Kh7 31. Kg2 g6 32. a3 Qc2 33. b4 Qb3 34. Qxa7 1-0

[Event "Titled Tuesday intern op 9th June"]
[Site "Chess.com INT"]
[Date "2020.06.09"]
[Round "4"]
[White "Fanha, Paulo Alexandre Mar"]
[Black "Miroshnichenko, Pavel"]
[Result "0-1"]
[WhiteElo "1805"]
[BlackElo "2239"]
[PlyCount "80"]
[EventDate "2020.06.09"]
[EventType "swiss (blitz)"]
[EventRounds "10"]
[EventCountry "USA"]
[SourceTitle "CBM 196 Extra"]
[Source "ChessBase"]
[SourceDate "2020.07.31"]
[SourceVersion "1"]
[SourceVersionDate "2020.07.31"]
[SourceQuality "1"]

1. e4 e5 2. Bc4 Nf6 3. d4 exd4 4. Nf3 Nc6 5. 0-0 Nxe4 6. Re1 d5 7. Bxd5 Qxd5 8. Nc3 Qa5 9. Nxe4 Be6 10. Bg5 h6 11. Bh4 Qd5 12. c4 Qh5 13. Bf6 Be7 14. Bxe7 Nxe7 15. Nxd4 Qxd1 16. Raxd1 0-0-0 17. Nxe6 fxe6 18. Nc5 e5 19. Kf1 Nc6 20. a3 a5 21. b3 Rd6 22. Ne4 Rd4 23. Ng3 Rhd8 24. Rxd4 exd4 25. Nf5 d3 26. Nxg7 Nd4 27. b4 axb4 28. axb4 Nc2 29. Rd1 Nxb4 30. Ne6 Re8 31. Nc5 Rd8 32. Ne6 Rd6 33. Nf4 c5 34. Ke1 b5 35. cxb5 c4 36. Kd2 Na2 37. Ra1 c3+ 38. Ke1 d2+ 39. Kd1 Nb4 40. Ne2 c2# 0-1

[Event "Titled Tuesday intern op 6th June"]
[Site "Chess.com INT"]
[Date "2020.06.02"]
[Round "9"]
[White "Bulmaga, Irina"]
[Black "Fanha, Paulo Alexandre Mar"]
[Result "1-0"]
[WhiteElo "2440"]
[BlackElo "1805"]
[PlyCount "33"]
[EventDate "2020.06.02"]
[EventType "swiss (blitz)"]
[EventRounds "10"]
[EventCountry "USA"]
[SourceTitle "CBM 196 Extra"]
[Source "ChessBase"]
[SourceDate "2020.07.31"]
[SourceVersion "1"]
[SourceVersionDate "2020.07.31"]
[SourceQuality "1"]

1. e4 e6 2. d4 d5 3. Nc3 dxe4 4. Nxe4 Nd7 5. Nf3 Ngf6 6. Bg5 Be7 7. Nxf6+ Nxf6 8. Bd3 c5 9. Qd2 cxd4 10. 0-0-0 0-0 11. Kb1 h6 12. Bxh6 gxh6 13. Qxh6 Qa5 14. Ng5 Rd8 15. Bh7+ Kh8 16. Bg6+ Kg8 17. Bxf7# 1-0

[Event "Titled Tuesday intern op 6th June"]
[Site "Chess.com INT"]
[Date "2020.06.02"]
[Round "10"]
[White "Grabinsky, Vladimir"]
[Black "Fanha, Paulo Alexandre Mar"]
[Result "0-1"]
[WhiteElo "2219"]
[BlackElo "1805"]
[PlyCount "88"]
[EventDate "2020.06.02"]
[EventType "swiss (blitz)"]
[EventRounds "10"]
[EventCountry "USA"]
[SourceTitle "CBM 196 Extra"]
[Source "ChessBase"]
[SourceDate "2020.07.31"]
[SourceVersion "1"]
[SourceVersionDate "2020.07.31"]
[SourceQuality "1"]

1. e4 d5 2. exd5 Qxd5 3. Nc3 Qd6 4. d4 Nf6 5. g3 c6 6. Bg2 Bf5 7. Bf4 Qd8 8. Nf3 h6 9. Qe2 e6 10. 0-0-0 Bb4 11. Qc4 Qa5 12. Nh4 Bh7 13. Rhe1 0-0 14. Kb1 Bxc3 15. Qxc3 Qxc3 16. bxc3 Nbd7 17. Nf3 Nb6 18. Ne5 Nfd7 19. Nxd7 Nxd7 20. Kb2 Rac8 21. c4 b6 22. d5 cxd5 23. cxd5 Rxc2+ 24. Ka1 exd5 25. Bxd5 Nf6 26. Be3 Nxd5 27. Rxd5 Bf5 28. Rxf5 Rfc8 29. Kb1 R2c4 30. Rc1 Rb4+ 31. Ka1 Rd8 32. Rf4 Rb5 33. Rd4 Re8 34. Rd7 Ra5 35. Rcc7 Re4 36. Rxf7 Rea4 37. Rxg7+ Kh8 38. Rh7+ Kg8 39. Rcg7+ Kf8 40. Rf7+ Kg8 41. Rfg7+ Kf8 42. Rc7 Rxa2+ 43. Kb1 Ra1+ 44. Kc2 R5a2+ 0-1

[Event "Titled Tuesday intern op 6th June"]
[Site "Chess.com INT"]
[Date "2020.06.02"]
[Round "4"]
[White "Leveikina, Jevgenija"]
[Black "Fanha, Paulo Alexandre Mar"]
[Result "0-1"]
[WhiteElo "2067"]
[BlackElo "1805"]
[PlyCount "66"]
[EventDate "2020.06.02"]
[EventType "swiss (blitz)"]
[EventRounds "10"]
[EventCountry "USA"]
[SourceTitle "CBM 196 Extra"]
[Source "ChessBase"]
[SourceDate "2020.07.31"]
[SourceVersion "1"]
[SourceVersionDate "2020.07.31"]
[SourceQuality "1"]

1. d4 d5 2. Nf3 c6 3. c4 e6 4. cxd5 exd5 5. Nc3 Bf5 6. Bf4 Bd6 7. Bg3 Nf6 8. e3 0-0 9. Bd3 Bxd3 10. Qxd3 Re8 11. a3 Ne4 12. Nd2 Nxc3 13. Qxc3 Qe7 14. b4 Nd7 15. Bxd6 Qxd6 16. 0-0 Re6 17. a4 Rh6 18. Nf3 Nf6 19. b5 Ne4 20. Qa3 Qc7 21. h3 Re8 22. Rac1 Qd8 23. bxc6 bxc6 24. a5 Ng5 25. Nh2 Qd7 26. f4 Nxh3+ 27. gxh3 Qxh3 28. Rc2 Rxe3 29. Rf3 Re1+ 30. Kf2 Qxh2+ 31. Kxe1 Qxc2 32. Rf1 Rh2 33. Qe3 Qb1+ 0-1

[Event "Titled Tuesday intern op 26th May"]
[Site "Chess.com INT"]
[Date "2020.05.26"]
[Round "10"]
[White "Chen, Alex"]
[Black "Fanha, Paulo Alexandre Mar"]
[Result "1/2-1/2"]
[WhiteElo "2045"]
[BlackElo "1805"]
[PlyCount "57"]
[EventDate "2020.05.26"]
[EventType "swiss (blitz)"]
[EventRounds "10"]
[EventCountry "USA"]
[SourceTitle "CBM 196 Extra"]
[Source "ChessBase"]
[SourceDate "2020.07.31"]
[SourceVersion "1"]
[SourceVersionDate "2020.07.31"]
[SourceQuality "1"]

1. e4 d5 2. exd5 Qxd5 3. Nc3 Qd6 4. d4 Nf6 5. Nf3 c6 6. Ne5 Bf5 7. Nc4 Qd8 8. Qf3 e6 9. Be3 Bxc2 10. Rc1 Bg6 11. g4 Bb4 12. Qg3 Ne4 13. Qf4 Nxc3 14. bxc3 Be7 15. Bg2 h6 16. Ne5 Bg5 17. Qf3 Bxe3 18. fxe3 0-0 19. Nxg6 fxg6 20. Qe4 Qd5 21. c4 Qxe4 22. Bxe4 g5 23. Ke2 Nd7 24. Rb1 Rab8 25. Bg2 Nb6 26. Kd3 Rf2 27. Be4 Rxa2 28. Ra1 Rxa1 29. Rxa1 1/2-1/2

[Event "Titled Tuesday intern op 19th May"]
[Site "Chess.com INT"]
[Date "2020.05.19"]
[Round "5"]
[White "Fanha, Paulo Alexandre Mar"]
[Black "Hristodorescu, Daniel"]
[Result "0-1"]
[WhiteElo "1805"]
[BlackElo "2211"]
[PlyCount "76"]
[EventDate "2020.05.19"]
[EventType "swiss (blitz)"]
[EventRounds "10"]
[EventCountry "USA"]
[SourceTitle "EXT 2021"]
[Source "ChessBase"]
[SourceDate "2020.10.23"]
[SourceVersion "1"]
[SourceVersionDate "2020.10.23"]
[SourceQuality "1"]

1. e4 e5 2. Bc4 Nf6 3. d4 Nc6 4. Nf3 Nxe4 5. dxe5 Nc5 6. 0-0 Ne6 7. Nc3 Be7 8. Re1 0-0 9. Be3 f5 10. exf6 Bxf6 11. Rb1 Kh8 12. Nd5 Ne5 13. Nxf6 Qxf6 14. Nxe5 Qxe5 15. Bxe6 dxe6 16. a3 b6 17. Bxb6 Qf4 18. Bc5 Bb7 19. Bxf8 Rxf8 20. Qe2 h5 21. Qxh5+ Kg8 22. Re2 Ba6 23. Rbe1 Bxe2 24. Qxe2 Rf6 25. Qe3 Qc4 26. c3 a5 27. Qd4 Qb3 28. Qd8+ Kh7 29. Qxc7 Qxb2 30. Qg3 Qd2 31. f3 Qd3 32. Qh3+ Kg6 33. Rxe6 Qd1+ 34. Kf2 Qd2+ 35. Kg3 Qg5+ 36. Kf2 Qd2+ 37. Kg3 Qxc3 38. Qg4+ Kf7 0-1

[Event "Titled Tuesday intern op 19th May"]
[Site "Chess.com INT"]
[Date "2020.05.19"]
[Round "7"]
[White "Nguyen, Hong Nhung"]
[Black "Fanha, Paulo Alexandre Mar"]
[Result "1-0"]
[WhiteElo "1697"]
[BlackElo "1805"]
[PlyCount "75"]
[EventDate "2020.05.19"]
[EventType "swiss (blitz)"]
[EventRounds "10"]
[EventCountry "USA"]
[SourceTitle "EXT 2021"]
[Source "ChessBase"]
[SourceDate "2020.10.23"]
[SourceVersion "1"]
[SourceVersionDate "2020.10.23"]
[SourceQuality "1"]

1. e4 d5 2. exd5 Qxd5 3. Nc3 Qd6 4. d4 Nf6 5. Nf3 c6 6. Bd3 Bg4 7. Be3 e6 8. 0-0 Qc7 9. h3 Bh5 10. Bg5 Nbd7 11. Ne4 Be7 12. Ng3 Bg6 13. Qd2 Bxd3 14. Qxd3 0-0-0 15. Rfe1 h6 16. Be3 g5 17. c4 Kb8 18. Qd2 Nc5 19. b4 Nce4 20. Nxe4 Nxe4 21. Qc2 f5 22. Ne5 Bxb4 23. Red1 Bd6 24. Nd3 Rhg8 25. c5 Bf4 26. Qb3 Bxe3 27. fxe3 f4 28. Ne5 Nf6 29. Qxe6 Nd5 30. Rab1 Rge8 31. Nxc6+ Ka8 32. Nxd8 Rxe6 33. Nxe6 Qe7 34. c6 bxc6 35. Nc5 Qxe3+ 36. Kh1 Qg3 37. Rb3 Ne3 38. Rg1 1-0

[Event "Lisbon Portugal op"]
[Site "Lisbon"]
[Date "2020.01.30"]
[Round "7"]
[White "Marzano, Carlo"]
[Black "Fanha, Paulo Alexandre Mar"]
[Result "1/2-1/2"]
[WhiteElo "2078"]
[BlackElo "1766"]
[PlyCount "114"]
[EventDate "2020.01.25"]
[EventType "swiss"]
[EventRounds "9"]
[EventCountry "POR"]
[SourceTitle "CBM 194"]
[Source "ChessBase"]
[SourceDate "2020.01.27"]
[SourceVersion "1"]
[SourceVersionDate "2020.01.27"]
[SourceQuality "1"]

1. d4 d5 2. c4 e6 3. Nc3 f5 4. Bf4 c6 5. e3 Nf6 6. Nf3 Bd6 7. Bd3 0-0 8. 0-0 Ne4 9. Qc2 g5 10. Bxd6 Nxd6 11. Ne5 Nd7 12. Nxd7 Bxd7 13. c5 Ne4 14. f3 Nxc3 15. Qxc3 Qc7 16. f4 g4 17. b4 a5 18. a3 b5 19. a4 axb4 20. Qxb4 bxa4 21. Rxa4 Rfb8 22. Rxa8 Rxa8 23. Rb1 Ra2 24. Qb7 Qxb7 25. Rxb7 Be8 26. Rb1 Kf7 27. Bf1 Ke7 28. Re1 h5 29. Re2 Rxe2 30. Bxe2 h4 31. Kf2 Kd8 32. g3 h3 33. Ke1 Kc7 34. Kd2 Kb7 35. Kc3 Ka7 36. Kb4 Bd7 37. Ka5 Bc8 38. Bd3 Bb7 39. Bc2 Bc8 40. Ba4 Kb7 41. Kb4 Kc7 42. Kc3 Ba6 43. Kd2 Bf1 44. Bb3 Bb5 45. e4 Ba6 46. exf5 exf5 47. Kc3 Bc8 48. Kb4 Kb7 49. Ka5 Kc7 50. Bc2 Bd7 51. Ka6 Bc8+ 52. Ka7 Bd7 53. Bd3 Bc8 54. Ba6 Bd7 55. Bd3 Bc8 56. Bc2 Be6 57. Bb3 Bf7 1/2-1/2

[Event "World Amateur-ch U2000"]
[Site "Cagliari"]
[Date "2018.04.25"]
[Round "5"]
[White "Fanha, Paulo Alexandre Mar"]
[Black "Mujacic, Haris"]
[Result "0-1"]
[WhiteElo "1853"]
[BlackElo "1953"]
[PlyCount "52"]
[EventDate "2018.04.22"]
[EventType "swiss"]
[EventRounds "9"]
[EventCountry "ITA"]
[SourceTitle "CBM 184 Extra"]
[Source "ChessBase"]
[SourceDate "2018.06.28"]
[SourceVersion "1"]
[SourceVersionDate "2018.06.28"]
[SourceQuality "1"]

1. b3 d5 2. Bb2 Nf6 3. e3 Bf5 4. Nf3 e6 5. c4 Nbd7 6. Nc3 c6 7. Nh4 Bg4 8. Be2 Bxe2 9. Qxe2 Bd6 10. f4 0-0 11. 0-0 Re8 12. Rf3 Ne4 13. Nxe4 dxe4 14. Rh3 Be7 15. Qh5 Bf6 16. Bxf6 Nxf6 17. Qe2 Qa5 18. g4 Rad8 19. g5 Rxd2 20. Qe1 Nh5 21. Ng2 g6 22. f5 exf5 23. Rxh5 gxh5 24. Nf4 Red8 25. Nxh5 Qe5 26. Nf6+ Kh8 0-1

[Event "EU Amateur-ch"]
[Site "Ruzomberok"]
[Date "2016.06.12"]
[Round "9"]
[White "Turcan, Richard"]
[Black "Fanha, Paulo Alexandre Mar"]
[Result "1-0"]
[WhiteElo "1790"]
[BlackElo "1938"]
[PlyCount "113"]
[EventDate "2016.06.06"]
[EventType "swiss"]
[EventRounds "9"]
[EventCountry "SVK"]
[SourceTitle "CBM 172 Extra"]
[Source "ChessBase"]
[SourceDate "2016.06.21"]
[SourceVersion "1"]
[SourceVersionDate "2016.06.21"]
[SourceQuality "1"]

1. c4 Nf6 2. Nf3 e6 3. d4 d5 4. Nc3 Be7 5. e3 0-0 6. Bd3 c5 7. cxd5 exd5 8. dxc5 Bxc5 9. 0-0 Re8 10. Na4 Bf8 11. Bd2 a6 12. Rc1 Ne4 13. Rxc8 Qxc8 14. Nb6 Qc6 15. Nxa8 b5 16. Qb3 Nxd2 17. Nxd2 Qxa8 18. Rd1 Nd7 19. Qc2 Nf6 20. Rc1 Qa7 21. Qc7 Qa8 22. Nf3 Re6 23. Ng5 Re7 24. Qc8 Qa7 25. Rc6 Rxe3 26. Bf1 Re1 27. Qf5 Qd4 28. Nf3 Qe4 29. Qg5 h6 30. Qd2 Bb4 31. Rc8+ Kh7 32. Nxe1 Bxd2 33. Bd3 Bxe1 34. Bxe4+ dxe4 35. Ra8 a5 36. Kf1 Bd2 37. Ke2 Bc1 38. Rxa5 Bxb2 39. Rxb5 Bd4 40. a4 Kg6 41. a5 h5 42. a6 Ng4 43. Rb4 Bxf2 44. h3 Ne5 45. Kxf2 Nd3+ 46. Ke2 Nxb4 47. a7 Nd5 48. a8Q Nf6 49. Qb7 Nh7 50. Qxe4+ f5 51. Qe6+ Nf6 52. Kf3 Kh7 53. Qxf5+ Kg8 54. Qg6 Kf8 55. Kf4 Kg8 56. Kf5 Kf8 57. Qxf6+ 1-0

[Event "EU Amateur-ch"]
[Site "Ruzomberok"]
[Date "2016.06.09"]
[Round "5"]
[White "Tardi, Oscar"]
[Black "Fanha, Paulo Alexandre Mar"]
[Result "1/2-1/2"]
[WhiteElo "1888"]
[BlackElo "1938"]
[PlyCount "49"]
[EventDate "2016.06.06"]
[EventType "swiss"]
[EventRounds "9"]
[EventCountry "SVK"]
[SourceTitle "CBM 172 Extra"]
[Source "ChessBase"]
[SourceDate "2016.06.21"]
[SourceVersion "1"]
[SourceVersionDate "2016.06.21"]
[SourceQuality "1"]

1. e4 c5 2. Nf3 Nc6 3. d4 cxd4 4. Nxd4 e5 5. Nb5 d6 6. N1c3 a6 7. Na3 Be7 8. Nd5 Nf6 9. Nxf6+ Bxf6 10. Nc4 Be7 11. Be3 0-0 12. Nb6 Rb8 13. Nxc8 Rxc8 14. c3 Bg5 15. Qd2 Bxe3 16. Qxe3 d5 17. exd5 Qxd5 18. Bd3 Rfd8 19. Bf5 Rc7 20. 0-0 g6 21. Be4 Qb5 22. Rfd1 Rcd7 23. Rxd7 Rxd7 24. b3 Ne7 25. g3 1/2-1/2